000 00379pab a2200157 454500
008 180718b2009 xxu||||| |||| 00| 0 eng d
100 _aJayaraman, T.
245 _aWill it be a US endgame at Copenhagen?
260 _c2009
300 _ap.13-15.
362 _a12 Dec
650 _aClimatic change
773 _aEconomic and Political Weekly
908 _aN
909 _a84790
999 _c84790
_d84790